[Event "DEM U18w 2000"]
[Site "Überlingen GER"]
[Date "2000.06.06"]
[Round "5"]
[White "Beilschmidt, Eva"]
[Black "Pielawa, Susanne"]
[Result "0-1"]
[Termination "normal"]
[Board "11"]
[WhiteElo "1178"]
[BlackElo "1471"]
[PlyCount "72"]
[EventCountry "GER"]
[EventRounds "9"]
[EventType "swiss"]
[EventDate "2000.06.03"]

1. e4 e6 2. d4 d5 3. e5 c5 4. c3 Nc6 5. Nf3 cxd4 6. cxd4 Bd7 7. Bd3 Qb6 8. Be2
Nge7 9. Nc3 Nf5 10. Na4 Qa5+ 11. Bd2 Bb4 12. Nc5 Ncxd4 13. Nxb7 Nxf3+ 14. Bxf3
Qb6 15. Nd6+ Nxd6 16. exd6 Bxd6 17. Bc3 O-O 18. O-O Bb5 19. Be2 Bxe2 20. Qxe2
d4 21. Be1 Rac8 22. b3 e5 23. Bd2 Rc2 24. Rfc1 Rfc8 25. Qg4 Rxc1+ 26. Bxc1 Qc7
27. Bh6 f6 28. Qe6+ Kh8 29. Bd2 Bb4 30. Qxc8+ Qxc8 31. Rc1 Qa6 32. Bxb4 h6 33.
a3 Qd3 34. g3 Qxb3 35. Rc8+ Kh7 36. Ra8 Qb1+ 0-1

[Event "DEM U18w 2000"]
[Site "Überlingen GER"]
[Date "2000.06.06"]
[Round "5"]
[White "Mädel, Katja"]
[Black "Schulz, Susanne"]
[Result "1/2-1/2"]
[Termination "normal"]
[Board "12"]
[WhiteElo "1515"]
[BlackElo "1730"]
[PlyCount "116"]
[EventCountry "GER"]
[EventRounds "9"]
[EventType "swiss"]
[EventDate "2000.06.03"]

1. e4 d5 2. exd5 Qxd5 3. Nc3 Qa5 4. Nf3 c6 5. Bc4 Bg4 6. O-O e6 7. a3 Nf6 8. d3
Nbd7 9. Bf4 Be7 10. Qe2 O-O 11. b4 Qd8 12. Qe3 Nd5 13. Nxd5 cxd5 14. Bb3 a5 15.
c3 Bf6 16. Ne5 Bf5 17. Nxd7 Qxd7 18. d4 Rfc8 19. Rfc1 axb4 20. axb4 Qc6 21. h3
h6 22. Rxa8 Rxa8 23. Qd2 b5 24. Qb2 g5 25. Bg3 Rc8 26. Qd2 Be7 27. Qe2 Bxb4 28.
Qh5 Bf8 29. Be5 Bg6 30. Qf3 Bg7 31. Bxg7 Kxg7 32. Qe2 Ra8 33. Qe5+ Kg8 34. Qe2
Ra3 35. Qb2 Qa6 36. f3 Bd3 37. Kh1 Kg7 38. Kg1 Bc4 39. Bxc4 bxc4 40. Qd2 Ra1
41. Rxa1 Qxa1+ 42. Kf2 Qb1 43. Qe3 Qf5 44. Kg1 h5 45. Qe1 Qf6 46. Qe2 Qf4 47.
Qe1 Qd6 48. Kh1 f5 49. Qa1 e5 50. Qa7+ Kg6 51. Qa8 Qe6 52. dxe5 f4 53. Qh8 h4
54. Qb8 Kf5 55. Qf8+ Kxe5 56. Qh8+ Kf5 57. Qh7+ Kf6 58. Qh6+ Kf5 1/2-1/2

[Event "DEM U18w 2000"]
[Site "Überlingen GER"]
[Date "2000.06.07"]
[Round "6"]
[White "Klawonn, Malin"]
[Black "Bauer, Kerstin"]
[Result "1-0"]
[Termination "normal"]
[Board "1"]
[WhiteElo "1922"]
[BlackElo "1770"]
[PlyCount "59"]
[EventCountry "GER"]
[EventRounds "9"]
[EventType "swiss"]
[EventDate "2000.06.03"]

1. d4 d5 2. c4 Bf5 3. cxd5 Bxb1 4. Qa4+ c6 5. Rxb1 Qxd5 6. f3 e6 7. Nh3 Nf6 8.
Nf2 Be7 9. e3 Qd8 10. Be2 Nbd7 11. O-O O-O 12. b4 Nd5 13. Bd2 e5 14. dxe5 Nxe5
15. e4 Nb6 16. Qc2 Rc8 17. Be3 Qc7 18. f4 Ng6 19. Nd3 f6 20. Nc5 Rfe8 21. Bg4
Bxc5 22. bxc5 Nd7 23. Qb3+ Kh8 24. Qxb7 Nxc5 25. Bxc5 Qxb7 26. Rxb7 Rcd8 27.
Rb4 Rd2 28. g3 Rxa2 29. Rd4 h6 30. Bh5 1-0

[Event "DEM U18w 2000"]
[Site "Überlingen GER"]
[Date "2000.06.07"]
[Round "6"]
[White "Polushkina, Svetlana"]
[Black "Fliter, Irena"]
[Result "1-0"]
[Termination "normal"]
[Board "2"]
[WhiteElo "2092"]
[BlackElo "2099"]
[PlyCount "59"]
[WhiteFideId "4667727"]
[BlackFideId "4667387"]
[EventCountry "GER"]
[EventRounds "9"]
[EventType "swiss"]
[EventDate "2000.06.03"]

1. c4 e5 2. Nc3 Nc6 3. Nf3 d6 4. d4 Bg4 5. d5 Bxf3 6. gxf3 Nb8 7. Qb3 Qc8 8.
Bh3 Nd7 9. Bg5 Be7 10. Rg1 Ngf6 11. Bxf6 Bxf6 12. Ne4 Ke7 13. f4 Rg8 14. O-O-O
Re8 15. c5 Qb8 16. Bxd7 Kxd7 17. Nxf6+ gxf6 18. c6+ bxc6 19. Qh3+ Ke7 20. dxc6
Qc8 21. Qxh7 Qa6 22. Qe4 Qxa2 23. fxe5 Qa1+ 24. Kc2 Qa6 25. exf6+ Kxf6 26. Qf3+
Ke7 27. Rd3 Qa4+ 28. Kb1 Reb8 29. Qe3+ Kf8 30. Qh6+ 1-0

[Event "DEM U18w 2000"]
[Site "Überlingen GER"]
[Date "2000.06.07"]
[Round "6"]
[White "Fenske, Nora"]
[Black "Tepluhina, Katharina"]
[Result "1/2-1/2"]
[Termination "normal"]
[Board "3"]
[WhiteElo "1764"]
[BlackElo "1935"]
[PlyCount "94"]
[EventCountry "GER"]
[EventRounds "9"]
[EventType "swiss"]
[EventDate "2000.06.03"]

1. e4 c5 2. Nf3 Nc6 3. Bb5 e6 4. Bxc6 dxc6 5. O-O Nf6 6. Nc3 Be7 7. d3 Qc7 8.
h3 e5 9. Be3 b5 10. Nd2 Bd6 11. a4 Bd7 12. Nb3 b4 13. Ne2 c4 14. Nd2 cxd3 15.
cxd3 c5 16. Rc1 O-O 17. Nc4 Be7 18. f4 exf4 19. Nxf4 Bc6 20. b3 Rad8 21. e5 Nd5
22. Nxd5 Rxd5 23. Qg4 Qc8 24. Qf4 Qe6 25. d4 cxd4 26. Bxd4 Qg6 27. Ne3 Bg5 28.
Rxc6 Bxf4 29. Rxg6 Bxe3+ 30. Bxe3 fxg6 31. Rc1 Rxe5 32. Bxa7 Rfe8 33. Rc4 Re4
34. Rc6 R8e7 35. Bc5 Rb7 36. a5 Re1+ 37. Kh2 Ra1 38. a6 Rd7 39. a7 Kf7 40. Rc8
Raxa7 41. Bxa7 Rxa7 42. Rb8 Ke6 43. Rxb4 Kd6 44. Rd4+ Kc5 45. Rh4 h6 46. Re4
Rb7 47. b4+ Rxb4 1/2-1/2

[Event "DEM U18w 2000"]
[Site "Überlingen GER"]
[Date "2000.06.07"]
[Round "6"]
[White "Rezai-Perdomo, Yuanné"]
[Black "Umpfenbach, Carolin"]
[Result "0-1"]
[Termination "normal"]
[Board "4"]
[WhiteElo "1793"]
[BlackElo "2036"]
[PlyCount "102"]
[BlackFideId "4655117"]
[EventCountry "GER"]
[EventRounds "9"]
[EventType "swiss"]
[EventDate "2000.06.03"]

1. e4 e6 2. d4 d5 3. Nc3 Bb4 4. e5 Ne7 5. a3 Bxc3+ 6. bxc3 c5 7. h4 Qa5 8. Bd2
c4 9. h5 h6 10. Qg4 Rg8 11. Be2 Bd7 12. Qf4 Nbc6 13. Rh3 O-O-O 14. Rf3 Rdf8 15.
Qh4 Qd8 16. g4 Na5 17. a4 Rh8 18. Bc1 Qe8 19. Ba3 Nac6 20. a5 Rfg8 21. a6 b6
22. Bd6 g6 23. Qf6 gxh5 24. Qxf7 hxg4 25. Qxe8+ Rxe8 26. Rf7 h5 27. f3 Nf5 28.
fxg4 hxg4 29. Kd2 Rh2 30. Kc1 Rg2 31. Kb2 Nxd6 32. exd6 e5 33. Raf1 exd4 34.
Rg7 d3 35. Rff7 Ne5 36. Bxg4 Rxg4 37. Rxd7 Nxd7 38. Rxg4 d2 39. Rd4 Re1 40.
Rxd2 Rxg1 41. Rxd5 Nc5 42. Rh5 Rg7 43. Rh4 Kd7 44. Rxc4 Kxd6 45. Rd4+ Kc6 46.
Rc4 Kb5 47. Rb4+ Kxa6 48. Rd4 Kb7 49. Rd2 a5 50. Rh2 Rg3 51. Rh4 Ka6 0-1

[Event "DEM U18w 2000"]
[Site "Überlingen GER"]
[Date "2000.06.07"]
[Round "6"]
[White "Hippe, Franziska"]
[Black "Lange, Corinna"]
[Result "1-0"]
[Termination "normal"]
[Board "5"]
[WhiteElo "1672"]
[BlackElo "1787"]
[PlyCount "65"]
[EventCountry "GER"]
[EventRounds "9"]
[EventType "swiss"]
[EventDate "2000.06.03"]

1. e4 e6 2. d4 d5 3. Nc3 Bb4 4. exd5 exd5 5. Bd3 Nf6 6. Nge2 O-O 7. O-O c6 8.
Ng3 Be6 9. Nce2 Re8 10. Bf4 Bd6 11. Bxd6 Qxd6 12. c3 h5 13. Qc2 Nbd7 14. f4 Nf8
15. f5 Bd7 16. Nf4 h4 17. Ngh5 Ng4 18. Rf3 Nh7 19. Rh3 Qe7 20. Qd2 Nh6 21. Nxg7
Ng5 22. Nxe8 Rxe8 23. Rxh4 Nf3+ 24. gxf3 Qxh4 25. Kh1 Kh8 26. Rg1 Bxf5 27. Bxf5
Nxf5 28. Ne2 Qh5 29. Rg4 Qh3 30. Ng1 Qh7 31. Qg5 Rg8 32. Qf6+ Ng7 33. Rh4 1-0

[Event "DEM U18w 2000"]
[Site "Überlingen GER"]
[Date "2000.06.07"]
[Round "6"]
[White "Kouznetsova, Elena"]
[Black "Piochacz, Petra"]
[Result "1-0"]
[Termination "normal"]
[Board "6"]
[WhiteElo "2028"]
[BlackElo "1589"]
[PlyCount "63"]
[EventCountry "GER"]
[EventRounds "9"]
[EventType "swiss"]
[EventDate "2000.06.03"]

1. e4 c5 2. Nf3 d6 3. d4 cxd4 4. Nxd4 Nf6 5. Nc3 a6 6. Be2 e5 7. Nb3 Be7 8. O-O
O-O 9. a4 Be6 10. f4 exf4 11. Bxf4 Nc6 12. Kh1 Ne5 13. Qd4 Qc7 14. Qe3 Ng6 15.
Bg3 Rac8 16. Rad1 Rfd8 17. Nc1 Qc5 18. Qd2 Ne5 19. Nb3 Qc7 20. Nd4 Nc4 21. Bxc4
Qxc4 22. Nf5 Bxf5 23. exf5 Rc7 24. Rf4 Qc6 25. Rd4 Rcd7 26. Qe2 Kf8 27. a5 h6
28. Rc4 Re8 29. Rxc6 bxc6 30. Qxa6 Bd8 31. Qxc6 Bc7 32. a6 1-0

[Event "DEM U18w 2000"]
[Site "Überlingen GER"]
[Date "2000.06.07"]
[Round "6"]
[White "Goerke, Marina"]
[Black "Diehle, Julia"]
[Result "1/2-1/2"]
[Termination "normal"]
[Board "7"]
[WhiteElo "1502"]
[BlackElo "1545"]
[PlyCount "59"]
[EventCountry "GER"]
[EventRounds "9"]
[EventType "swiss"]
[EventDate "2000.06.03"]

1. Nf3 g6 2. d4 Nf6 3. c4 Bg7 4. Nc3 d6 5. g3 O-O 6. Bg2 c6 7. O-O Qa5 8. e4 e5
9. a3 Nbd7 10. b4 Qc7 11. Rb1 Re8 12. Be3 Ng4 13. d5 Nxe3 14. fxe3 c5 15. Nb5
Qb6 16. Qd3 Bh6 17. Rb3 a6 18. Nc3 cxb4 19. Na4 Qa5 20. Rxb4 b5 21. cxb5 axb5
22. Nc3 Qxa3 23. Rfb1 Nc5 24. Qd2 Bd7 25. Ne1 Na4 26. R1b3 Qa1 27. Nxa4 Rxa4
28. Rb1 Qa2 29. R1b2 Qa1 30. Rb1 1/2-1/2

[Event "DEM U18w 2000"]
[Site "Überlingen GER"]
[Date "2000.06.07"]
[Round "6"]
[White "Köster, Sabrina"]
[Black "Böck, Katharina"]
[Result "1-0"]
[Termination "normal"]
[Board "8"]
[WhiteElo "1545"]
[BlackElo "1256"]
[PlyCount "103"]
[EventCountry "GER"]
[EventRounds "9"]
[EventType "swiss"]
[EventDate "2000.06.03"]

1. d4 d5 2. c4 e6 3. Nc3 Be7 4. cxd5 exd5 5. Bf4 c6 6. Qc2 Nf6 7. e3 Bg4 8. Bd3
Nbd7 9. Nf3 Qb6 10. Ne5 h6 11. Nxg4 Nxg4 12. O-O O-O 13. Rab1 Qd8 14. b4 Nb6
15. Na4 Nf6 16. Nc5 Qc8 17. Bf5 Nbd7 18. b5 Bxc5 19. dxc5 Re8 20. Rb2 Ne4 21.
Rfb1 Nexc5 22. bxc6 bxc6 23. Rc1 Ne6 24. Qxc6 Qxc6 25. Rxc6 Nb6 26. Bg3 d4 27.
Bxe6 Rxe6 28. Rxe6 fxe6 29. exd4 Rc8 30. h3 h5 31. Re2 Kf7 32. Re5 g6 33. Ra5
Ra8 34. Ra6 Nd5 35. Bd6 Nb6 36. Bc5 Nc8 37. f3 g5 38. Kf2 h4 39. g3 Ne7 40.
Rxa7 Rxa7 41. Bxa7 Nc6 42. Bc5 Kg6 43. a4 Nb8 44. a5 hxg3+ 45. Kxg3 Kf5 46. Bd6
Na6 47. h4 gxh4+ 48. Kxh4 Kf6 49. Kg4 Kg6 50. Kf4 Kf6 51. Ke4 Kf7 52. Ke5 1-0

[Event "DEM U18w 2000"]
[Site "Überlingen GER"]
[Date "2000.06.07"]
[Round "6"]
[White "Kind, Veronika"]
[Black "Pielawa, Susanne"]
[Result "0-1"]
[Termination "normal"]
[Board "9"]
[WhiteElo "1622"]
[BlackElo "1471"]
[PlyCount "60"]
[EventCountry "GER"]
[EventRounds "9"]
[EventType "swiss"]
[EventDate "2000.06.03"]

1. e4 e6 2. d4 d5 3. Nd2 Nf6 4. e5 Nfd7 5. Bd3 c5 6. c3 Nc6 7. Ne2 Be7 8. O-O
O-O 9. Nf3 Nb6 10. Ng3 cxd4 11. cxd4 f5 12. exf6 Bxf6 13. Nh5 Bd7 14. Nxf6+
gxf6 15. Bh6 Rf7 16. Qc1 e5 17. dxe5 fxe5 18. Ng5 Re7 19. Qe3 e4 20. Be2 Qc7
21. Nh3 Qe5 22. b3 d4 23. Qg5+ Qxg5 24. Nxg5 Bf5 25. Rfd1 Rd8 26. a3 Rd6 27.
Nxe4 Rxe4 28. Bf3 Rxh6 29. Rac1 Ree6 30. Bxc6 Rxc6 0-1

[Event "DEM U18w 2000"]
[Site "Überlingen GER"]
[Date "2000.06.07"]
[Round "6"]
[White "Fried, Annika"]
[Black "Gimmerthal, Ina"]
[Result "1/2-1/2"]
[Termination "normal"]
[Board "10"]
[WhiteElo "1552"]
[BlackElo "1369"]
[PlyCount "47"]
[EventCountry "GER"]
[EventRounds "9"]
[EventType "swiss"]
[EventDate "2000.06.03"]

1. e4 d5 2. exd5 Qxd5 3. Nc3 Qa5 4. d4 Nf6 5. Bc4 Bf5 6. Nf3 c6 7. Bd2 e6 8.
O-O Be7 9. Nd5 Qd8 10. Nxe7 Qxe7 11. Re1 O-O 12. a3 Qc7 13. Bg5 Nbd7 14. c3 h6
15. Bh4 Rac8 16. Bg3 Qd8 17. Bd3 Bxd3 18. Qxd3 b5 19. Ne5 Nxe5 20. Bxe5 Nd7 21.
Bd6 Re8 22. Re2 Nb6 23. Qg3 Nc4 24. Be5 1/2-1/2

[Event "DEM U18w 2000"]
[Site "Überlingen GER"]
[Date "2000.06.07"]
[Round "6"]
[White "Mädel, Katja"]
[Black "Beilschmidt, Eva"]
[Result "1-0"]
[Termination "normal"]
[Board "11"]
[WhiteElo "1515"]
[BlackElo "1178"]
[PlyCount "65"]
[EventCountry "GER"]
[EventRounds "9"]
[EventType "swiss"]
[EventDate "2000.06.03"]

1. e4 c5 2. f4 Nc6 3. d3 e6 4. Nc3 Nge7 5. Be3 d6 6. Qd2 g6 7. g3 Bg7 8. Bg2
O-O 9. Nh3 a6 10. O-O Nd4 11. Rae1 Bd7 12. Nd1 Qb6 13. g4 f5 14. Nhf2 Rae8 15.
h4 d5 16. e5 Ndc6 17. Qe2 d4 18. Bc1 Nd5 19. Nh3 Qd8 20. Kh2 Qxh4 21. gxf5 Rxf5
22. Be4 Rf7 23. Qg2 Ref8 24. Bxd5 Nxe5 25. Bxb7 Ng4+ 26. Kg1 e5 27. Bd5 Ne3 28.
Nxe3 dxe3 29. Ng5 exf4 30. Nxf7 Rxf7 31. Bxf7+ Kxf7 32. Rxf4+ Qxf4 33. Rf1 1-0

[Event "DEM U18w 2000"]
[Site "Überlingen GER"]
[Date "2000.06.07"]
[Round "6"]
[White "Schulz, Susanne"]
[Black "Wenke, Andrea"]
[Result "1-0"]
[Termination "normal"]
[Board "12"]
[WhiteElo "1730"]
[BlackElo "992"]
[PlyCount "85"]
[BlackFideId "24677736"]
[EventCountry "GER"]
[EventRounds "9"]
[EventType "swiss"]
[EventDate "2000.06.03"]

1. d4 d5 2. Nf3 e6 3. Bf4 Bd6 4. Bg5 Nf6 5. e3 h6 6. Bh4 O-O 7. Bd3 Nbd7 8. c3
c6 9. O-O Qc7 10. Nbd2 Re8 11. e4 dxe4 12. Bxe4 Nxe4 13. Nxe4 b6 14. Nxd6 Qxd6
15. Bg3 Qe7 16. Re1 Bb7 17. Re3 c5 18. Rd3 Rad8 19. Ne1 cxd4 20. Rxd4 Nc5 21.
Bd6 Qg5 22. h4 Qf6 23. f3 Bd5 24. Bg3 Rd7 25. c4 Bc6 26. Rxd7 Bxd7 27. Qd2 Rd8
28. Rd1 Na4 29. Bc7 Rf8 30. Qxd7 Nxb2 31. Rd4 Qf5 32. Re4 Qa5 33. Be5 Qxa2 34.
Qd2 f5 35. Re2 Qxc4 36. Qxb2 Qxh4 37. Bxg7 Rf7 38. Be5 Qd8 39. g3 Qd5 40. Rh2
Rh7 41. Bf4 Qc5+ 42. Kh1 Qf8 43. Rxh6 1-0

[Event "DEM U18w 2000"]
[Site "Überlingen GER"]
[Date "2000.06.08"]
[Round "7"]
[White "Polushkina, Svetlana"]
[Black "Klawonn, Malin"]
[Result "1-0"]
[Termination "normal"]
[Board "1"]
[WhiteElo "2092"]
[BlackElo "1922"]
[PlyCount "63"]
[WhiteFideId "4667727"]
[EventCountry "GER"]
[EventRounds "9"]
[EventType "swiss"]
[EventDate "2000.06.03"]

1. d4 Nf6 2. Nf3 g6 3. Bg5 Bg7 4. Nbd2 O-O 5. e4 d5 6. exd5 Nxd5 7. c3 b6 8.
Be2 h6 9. Bh4 Nf4 10. O-O Nxe2+ 11. Qxe2 Ba6 12. Qe4 Bxf1 13. Qxa8 Bd3 14. Re1
f6 15. Qxa7 Nc6 16. Qa4 b5 17. Qb3+ Kh7 18. Qe6 Qa8 19. a3 Bf5 20. Qb3 Qa6 21.
Bg3 Rc8 22. Nh4 Bd7 23. Qf7 Be8 24. Qe6 Bf8 25. Ne4 Kg7 26. d5 Qa8 27. dxc6
Bxc6 28. Nc5 h5 29. Nd7 Bd5 30. Qe2 e6 31. Qd3 f5 32. Be5+ 1-0

[Event "DEM U18w 2000"]
[Site "Überlingen GER"]
[Date "2000.06.08"]
[Round "7"]
[White "Umpfenbach, Carolin"]
[Black "Fenske, Nora"]
[Result "1-0"]
[Termination "normal"]
[Board "2"]
[WhiteElo "2036"]
[BlackElo "1764"]
[PlyCount "73"]
[WhiteFideId "4655117"]
[EventCountry "GER"]
[EventRounds "9"]
[EventType "swiss"]
[EventDate "2000.06.03"]

1. d4 d6 2. c4 Nf6 3. Nc3 Nbd7 4. e4 e5 5. Be3 Be7 6. f3 c6 7. Qd2 a6 8. d5 Nf8
9. Nge2 Ng6 10. dxc6 bxc6 11. Rd1 Be6 12. Nc1 Qc7 13. Be2 O-O 14. O-O Rfd8 15.
Qe1 Qb7 16. b3 Rac8 17. Na4 c5 18. Kh1 Nf8 19. Nc3 N8d7 20. Rd2 Nb8 21. Bd1 Nc6
22. N1e2 Nd4 23. Ng3 Ne8 24. f4 exf4 25. Bxf4 Nc6 26. Nd5 Bxd5 27. exd5 Nd4 28.
Rdf2 Nf6 29. Be3 Re8 30. Qc3 Bd8 31. Qd3 Ba5 32. Bxd4 cxd4 33. Rxf6 gxf6 34.
Nf5 Be1 35. Qh3 Kh8 36. Qh6 Rg8 37. Qxf6+ 1-0

[Event "DEM U18w 2000"]
[Site "Überlingen GER"]
[Date "2000.06.08"]
[Round "7"]
[White "Tepluhina, Katharina"]
[Black "Hippe, Franziska"]
[Result "1/2-1/2"]
[Termination "normal"]
[Board "3"]
[WhiteElo "1935"]
[BlackElo "1672"]
[PlyCount "54"]
[EventCountry "GER"]
[EventRounds "9"]
[EventType "swiss"]
[EventDate "2000.06.03"]

1. e4 c5 2. Nf3 Nc6 3. d4 cxd4 4. Nxd4 Nf6 5. Nc3 e5 6. Ndb5 d6 7. Bg5 a6 8.
Na3 b5 9. Nd5 Be7 10. Bxf6 Bxf6 11. c3 O-O 12. Nc2 Bb7 13. a4 bxa4 14. Rxa4 a5
15. Nce3 Bg5 16. g3 Bxe3 17. Nxe3 Nb8 18. Bg2 Na6 19. Qc2 Nc5 20. Ra3 Ba6 21.
c4 Rb8 22. O-O a4 23. Rd1 Qb6 24. Ra2 Rfd8 25. Rd2 Nb3 26. Rd5 Nc5 27. Rd2 Nb3
1/2-1/2

[Event "DEM U18w 2000"]
[Site "Überlingen GER"]
[Date "2000.06.08"]
[Round "7"]
[White "Fliter, Irena"]
[Black "Kouznetsova, Elena"]
[Result "1-0"]
[Termination "normal"]
[Board "4"]
[WhiteElo "2099"]
[BlackElo "2028"]
[PlyCount "65"]
[WhiteFideId "4667387"]
[EventCountry "GER"]
[EventRounds "9"]
[EventType "swiss"]
[EventDate "2000.06.03"]

1. e4 c5 2. Nf3 d6 3. d4 cxd4 4. Nxd4 Nf6 5. Nc3 a6 6. Bc4 e6 7. Bb3 Nbd7 8.
O-O Nc5 9. Re1 b5 10. Bg5 Bb7 11. f4 Qb6 12. Nd5 exd5 13. exd5+ Kd7 14. Bxf6
gxf6 15. Qh5 Rd8 16. Qxf7+ Kc8 17. Kh1 Rd7 18. Re8+ Kc7 19. Ne6+ Nxe6 20. Qxe6
Bg7 21. Re7 Rhd8 22. Rxd7+ Rxd7 23. c4 Qd4 24. cxb5 Qxb2 25. b6+ Kxb6 26. Qe3+
Kc7 27. Rc1+ Kd8 28. Qb6+ Ke8 29. Re1+ Kf7 30. Qe3 Kg6 31. Qe8+ Rf7 32. f5+
Kxf5 33. Qxf7 1-0

[Event "DEM U18w 2000"]
[Site "Überlingen GER"]
[Date "2000.06.08"]
[Round "7"]
[White "Lange, Corinna"]
[Black "Rezai-Perdomo, Yuanné"]
[Result "1/2-1/2"]
[Termination "normal"]
[Board "6"]
[WhiteElo "1787"]
[BlackElo "1793"]
[PlyCount "34"]
[EventCountry "GER"]
[EventRounds "9"]
[EventType "swiss"]
[EventDate "2000.06.03"]

1. e4 c5 2. Nf3 d6 3. Bb5+ Nd7 4. c3 a6 5. Bxd7+ Bxd7 6. O-O g6 7. d4 Bg7 8.
Re1 Qc7 9. Na3 Nh6 10. h3 O-O 11. Bf4 f6 12. dxc5 Qxc5 13. Qd5+ Nf7 14. Qxc5
dxc5 15. Nc4 Rad8 16. e5 Bb5 17. exf6 exf6 1/2-1/2

[Event "DEM U18w 2000"]
[Site "Überlingen GER"]
[Date "2000.06.08"]
[Round "7"]
[White "Pielawa, Susanne"]
[Black "Goerke, Marina"]
[Result "1/2-1/2"]
[Termination "normal"]
[Board "7"]
[WhiteElo "1471"]
[BlackElo "1502"]
[PlyCount "75"]
[EventCountry "GER"]
[EventRounds "9"]
[EventType "swiss"]
[EventDate "2000.06.03"]

1. e4 c5 2. Nf3 d6 3. Bb5+ Nd7 4. Bxd7+ Bxd7 5. O-O Nf6 6. Re1 e6 7. c3 Be7 8.
d4 O-O 9. Bf4 Bc6 10. Nbd2 Nd7 11. Rc1 b6 12. Nc4 d5 13. exd5 Bxd5 14. Nce5
Nxe5 15. Nxe5 cxd4 16. cxd4 Bg5 17. Bxg5 Qxg5 18. Nf3 Bxf3 19. Qxf3 Rac8 20.
Rc3 Qd2 21. Qe3 Qxb2 22. Rxc8 Rxc8 23. d5 Qxa2 24. d6 Qd5 25. Rc1 Rd8 26. Qa3
Rxd6 27. h3 Rc6 28. Rxc6 Qxc6 29. Qxa7 Kf8 30. Qb8+ Ke7 31. Qg8 Qc1+ 32. Kh2
Qh6 33. Qb8 f5 34. Qc7+ Kf6 35. Qxb6 g5 36. Qd8+ Ke5 37. Qa5+ Kd4 38. Qb4+
1/2-1/2

[Event "DEM U18w 2000"]
[Site "Überlingen GER"]
[Date "2000.06.08"]
[Round "7"]
[White "Diehle, Julia"]
[Black "Böck, Katharina"]
[Result "1/2-1/2"]
[Termination "normal"]
[Board "8"]
[WhiteElo "1545"]
[BlackElo "1256"]
[PlyCount "45"]
[EventCountry "GER"]
[EventRounds "9"]
[EventType "swiss"]
[EventDate "2000.06.03"]

1. c4 e6 2. Nf3 d5 3. b3 Nf6 4. g3 Bd6 5. Bb2 Nbd7 6. Bg2 O-O 7. O-O b6 8. d4
Bb7 9. Nbd2 c6 10. Ne5 c5 11. Nxd7 Nxd7 12. Rc1 Rc8 13. e3 Qe7 14. cxd5 Bxd5
15. e4 Ba8 16. Nc4 cxd4 17. Bxd4 Bc5 18. Bb2 Rfd8 19. Qg4 Nf6 20. Qf4 Bd4 21.
Bxd4 Rxd4 22. Qe3 Rdd8 23. Rfd1 1/2-1/2

[Event "DEM U18w 2000"]
[Site "Überlingen GER"]
[Date "2000.06.08"]
[Round "7"]
[White "Piochacz, Petra"]
[Black "Fried, Annika"]
[Result "1/2-1/2"]
[Termination "normal"]
[Board "9"]
[WhiteElo "1589"]
[BlackElo "1552"]
[PlyCount "92"]
[EventCountry "GER"]
[EventRounds "9"]
[EventType "swiss"]
[EventDate "2000.06.03"]

1. e4 c5 2. Nf3 a6 3. Nc3 b5 4. d4 cxd4 5. Nxd4 Bb7 6. a3 e5 7. Nb3 Be7 8. Bd3
h6 9. O-O Nf6 10. f4 Qb6+ 11. Kh1 d6 12. Qf3 O-O 13. Be3 Qc7 14. Rf2 Nbd7 15.
Raf1 Rab8 16. Qh3 d5 17. fxe5 Nxe5 18. exd5 Nxd3 19. cxd3 Nxd5 20. Nxd5 Bxd5
21. Bf4 Bd6 22. d4 Rbe8 23. Bxd6 Qxd6 24. Rd2 Re4 25. Rfd1 Qf4 26. Rd3 Bxb3 27.
Rxb3 Qd2 28. Rg1 Rxd4 29. Qe3 Qxe3 30. Rxe3 Rd2 31. b4 Ra2 32. h3 Rd8 33. Rc1
Rdd2 34. Rg3 Rac2 35. Rxc2 Rxc2 36. Rd3 Ra2 37. Kh2 Kh7 38. Kg3 f6 39. Kf3 Kg6
40. g3 Rc2 41. Kf4 Rc4+ 42. Kf3 h5 43. h4 Kh6 44. Re3 Rd4 45. Rc3 Rd6 46. Kf4
g6 1/2-1/2

[Event "DEM U18w 2000"]
[Site "Überlingen GER"]
[Date "2000.06.08"]
[Round "7"]
[White "Gimmerthal, Ina"]
[Black "Mädel, Katja"]
[Result "1-0"]
[Termination "normal"]
[Board "10"]
[WhiteElo "1369"]
[BlackElo "1515"]
[PlyCount "105"]
[EventCountry "GER"]
[EventRounds "9"]
[EventType "swiss"]
[EventDate "2000.06.03"]

1. d4 d5 2. c4 c6 3. Nc3 dxc4 4. a4 Bd7 5. e4 b5 6. d5 b4 7. Na2 c5 8. Bxc4 g6
9. Rb1 Bg7 10. b3 Nf6 11. Bd3 O-O 12. Nf3 Bg4 13. h3 Bd7 14. Be3 Qc8 15. Rc1
Qd8 16. Bxc5 a5 17. O-O Na6 18. Bd4 e6 19. d6 Ne8 20. e5 f6 21. exf6 Bxf6 22.
Bxf6 Rxf6 23. Be4 Rc8 24. Qd3 Nc5 25. Qe3 Nxe4 26. Qxe4 Nxd6 27. Rxc8 Bxc8 28.
Qe5 Rf5 29. Qe2 Qe7 30. Re1 Qf6 31. Nc1 Kf7 32. Nd3 Ba6 33. Nde5+ Kg7 34. Qxa6
Nf7 35. Nxf7 Kxf7 36. Qb7+ Ke8 37. Qxh7 Rh5 38. Qb7 Rf5 39. Rc1 Rd5 40. Rc8+
Rd8 41. Qc6+ Ke7 42. Rxd8 Kxd8 43. Qb6+ Ke7 44. Qxa5 Qa1+ 45. Kh2 Qc3 46. Qa7+
Kf8 47. Qe3 Qc7+ 48. g3 Qc2 49. Kg2 Qc6 50. Qf4+ Kg7 51. Qxb4 Kf6 52. Qf4+ Kg7
53. a5 1-0

[Event "DEM U18w 2000"]
[Site "Überlingen GER"]
[Date "2000.06.08"]
[Round "7"]
[White "Schulz, Susanne"]
[Black "Kind, Veronika"]
[Result "0-1"]
[Termination "normal"]
[Board "11"]
[WhiteElo "1730"]
[BlackElo "1622"]
[PlyCount "105"]
[EventCountry "GER"]
[EventRounds "9"]
[EventType "swiss"]
[EventDate "2000.06.03"]

1. d4 Nf6 2. Nf3 g6 3. Bf4 Bg7 4. e3 O-O 5. Be2 d6 6. h3 c6 7. O-O Nbd7 8. Nbd2
Qc7 9. c3 b6 10. Nb3 Bb7 11. Qc2 Rfe8 12. Rad1 Qc8 13. c4 Ba6 14. Rd2 c5 15. d5
Rb8 16. Nc1 b5 17. b3 bxc4 18. Bxc4 Bxc4 19. bxc4 Qa6 20. Qd3 Rb4 21. Rc2 Reb8
22. Nd2 Nb6 23. e4 Nfd7 24. Re1 Ne5 25. Bxe5 Bxe5 26. g3 Ra4 27. f4 Ra3 28.
Ndb3 Bd4+ 29. Kg2 Nd7 30. Qd2 Bg7 31. Qe2 Qc8 32. Qd2 Qc7 33. Ne2 Rb4 34. Nc3
Bxc3 35. Rxc3 Raa4 36. Qe2 Nb6 37. Rec1 Nd7 38. R3c2 Ra3 39. h4 h5 40. g4 Nf6
41. gxh5 Nxh5 42. Qg4 Nf6 43. Qe2 Qd7 44. Rg1 Nh5 45. Qf3 Qa4 46. f5 Rxa2 47.
fxg6 Rxc2+ 48. Kh1 Nf6 49. Qf5 Rxb3 50. gxf7+ Kxf7 51. e5 dxe5 52. Qg6+ Kf8 53.
d6 0-1

[Event "DEM U18w 2000"]
[Site "Überlingen GER"]
[Date "2000.06.08"]
[Round "7"]
[White "Wenke, Andrea"]
[Black "Beilschmidt, Eva"]
[Result "0-1"]
[Termination "normal"]
[Board "12"]
[WhiteElo "992"]
[BlackElo "1178"]
[PlyCount "72"]
[WhiteFideId "24677736"]
[EventCountry "GER"]
[EventRounds "9"]
[EventType "swiss"]
[EventDate "2000.06.03"]

1. e4 e5 2. Nf3 Nc6 3. d4 exd4 4. Nxd4 Qh4 5. Nc3 Bb4 6. Be2 Qxe4 7. Ndb5 Ba5
8. O-O Qg6 9. Re1 Nge7 10. Bd3 f5 11. Bd2 O-O 12. Bc4+ Kh8 13. Nd5 Nxd5 14.
Bxd5 Bb6 15. Bf4 d6 16. Qf3 a6 17. Nc3 Nd4 18. Qd3 c6 19. Bf3 Bd7 20. Re7 Rad8
21. Na4 Ba7 22. b3 b5 23. Nb2 Nxf3+ 24. Qxf3 Qf6 25. Bxd6 Qxd6 26. Re2 Bd4 27.
c3 Be5 28. g3 f4 29. g4 Qf6 30. Rc1 h5 31. h3 Kg8 32. Rcc2 hxg4 33. hxg4 Qg5
34. Qe4 Qxg4+ 35. Kf1 Qh3+ 36. Kg1 f3 0-1